000 00394nam a22001697a 4500
005 20160531153637.0
008 160531b xxu||||| |||| 00| 0 eng d
020 _a981-405873-4
041 _aeng
082 _b6422
100 _aTiwanan, Amrit
_91605
245 _aThe knowledge Management toolkit
260 _bPearsons
_c2000
300 _a547
650 _aManagement
_9241
942 _cBK
999 _c2265
_d2264